Fire Emblem Characters Tile Quiz - Statistics

General Stats
  • This quiz has been taken 23 times
  • The average score is 38 of 45
Answer Stats
Question Tile Select % Correct
Three Houses Byleth Yes
100%
Three Houses Camilla No
100%
Three Houses Hana No
100%
Three Houses Ignatz Yes
100%
Three Houses Mercedes Yes
100%
Three Houses Catherine Yes
95%
Three Houses Hapi Yes
95%
Path of Radiance Ike Yes
95%
Shadow Dragon and the Blade of Light Luthier No
95%
Shadow Dragon and the Blade of Light Marth Yes
95%
Shadow Dragon and the Blade of Light Silque No
95%
Shadow Dragon and the Blade of Light Tatiana No
95%
The Blazing Blade Bors No
90%
Shadow Dragon and the Blade of Light Jagen Yes
90%
Thracia 776 Lilina No
90%
Path of Radiance Meg No
90%
Shadow Dragon and the Blade of Light Ogma Yes
90%
Shadow Dragon and the Blade of Light Abel Yes
85%
The Blazing Blade Bartre Yes
85%
The Blazing Blade Clarine No
85%
Shadow Dragon and the Blade of Light Darros Yes
85%
Thracia 776 Leif Yes
85%
Path of Radiance Makalov Yes
85%
Thracia 776 Sara Yes
85%
Thracia 776 Sigurd No
85%
Path of Radiance Kieran Yes
80%
Path of Radiance Leanne No
80%
The Blazing Blade Lilina No
80%
The Blazing Blade Louise Yes
80%
The Blazing Blade Lyn Yes
80%
Path of Radiance Nealuchi No
80%
Thracia 776 Osian Yes
80%
The Blazing Blade Roy No
80%
Thracia 776 Ayra No
75%
Path of Radiance Devdan Yes
75%
Thracia 776 Lachesis No
75%
Three Houses Ladislava No
75%
Thracia 776 Safy Yes
75%
Path of Radiance Tormod Yes
75%
The Blazing Blade Wallace Yes
75%
The Blazing Blade Serra Yes
70%
Thracia 776 Shiva Yes
70%
Shadow Dragon and the Blade of Light Radd Yes
65%
Path of Radiance Sigrun No
65%
Three Houses Monica No
60%
No matching quizzes found
Score Distribution
Percent of People with Each Score
Percentile by Number Answered
Your Score History
You have not taken this quiz